| 000 | 00977nam a22002297a 4500 | ||
|---|---|---|---|
| 005 | 20240530110510.0 | ||
| 008 | 151021s2011 ua a f 000 0 ara d | ||
| 017 |
_a2011/19657 _bمصر . دار الكتب المصرية |
||
| 040 | _aEG-CaGPL | ||
| 082 | 0 | 4 |
_221 _a303.4 _bق/م س |
| 100 | 0 | _aمحمد الباز | |
| 245 | 1 | 0 |
_aسقوط الالهة : _bكيف انهار مبارك ورجاله / _cمحمد الباز |
| 250 | _aط1. | ||
| 260 |
_aالقاهرة : _bمكتبة جزيرة الورد ، _c2011 . |
||
| 300 |
_a336 ص ؛ _c24 سم . |
||
| 650 | 0 | 4 |
_aالفساد السياسى _xعصر محمد حسنى مبارك . _zمصر |
| 650 | 0 | 4 |
_aالفساد السياسى _xجهاز امن الدولة . _zمصر |
| 651 | 0 | 4 |
_aمصر _xالعصر الحديث _yثورة 25 يناير . |
| 651 | 0 | 4 |
_aمصر _xالاحوال السياسية _yعصر محمد حسنى مبارك . |
| 942 |
_2ddc _cBK |
||
| 999 |
_c61655 _d61655 |
||